01574nam a2200385 a 4500001001200000003000800012006001900020007001500039008004100054010001700095020002800112020003100140020003500171020003800206040002100244035002100265043001200286050002700298082002100325100003800346245010000384260005500484300002200539504006400561533015200625610005400777650004700831650004100878650003500919650004500954655002900999710001701028856012601045999001701171ebr10275529CaPaEBRm u cr cn|||||||||060905s2007 miua sb s001 0 eng  z 2006028158 z0472099795 (alk. paper) z9780472099795 (alk. paper) z0472069799 (pbk. : alk. paper) z9780472069798 (pbk. : alk. paper) aCaPaEBRcCaPaEBR a(OCoLC)613401893 an-us---14aLB2806.22b.A18 2007eb04a379.1/5809732221 aAbernathy, Scott Franklin,d1966-10aNo child left behind and the public schoolsh[electronic resource] /cScott Franklin Abernathy. aAnn Arbor :bUniversity of Michigan Press,cc2007. ax, 206 p. :bill. aIncludes bibliographical references (p. 189-199) and index. aElectronic reproduction.bPalo Alto, Calif. :cebrary,d2013.nAvailable via World Wide Web.nAccess may be limited to ebrary affiliated libraries.10aUnited States.tNo Child Left Behind Act of 2001. 0aEducational accountabilityzUnited States. 0aEducationxStandardszUnited States. 0aPublic schoolszUnited States. 0aFederal aid to educationzUnited States. 7aElectronic books.2local2 aebrary, Inc.40uhttp://site.ebrary.com/lib/rucke/Doc?id=10275529zAn electronic book accessible through the World Wide Web; click to view c20827d20827